Fr. Conceicao Rodrigues College of Engineering

Instrumentation for process Measurement (Record no. 32455)

MARC details
000 -LEADER
fixed length control field 00309nam a2200133Ia 4500
082 ## - DEWEY DECIMAL CLASSIFICATION NUMBER
Classification number 629.83
Item number AND
100 ## - MAIN ENTRY--PERSONAL NAME
Personal name Anderson/Norman A
245 ## - TITLE STATEMENT
Title Instrumentation for process Measurement
260 ## - PUBLICATION, DISTRIBUTION, ETC.
Name of publisher, distributor, etc. CRC Press
Place of publication, distribution, etc. Mumbai
Date of publication, distribution, etc. 1989
300 ## - PHYSICAL DESCRIPTION
Extent 498
546 ## - LANGUAGE NOTE
Language note ENGLISH
654 ## - SUBJECT ADDED ENTRY--FACETED TOPICAL TERMS
Focus term Instrumentation
942 ## - ADDED ENTRY ELEMENTS (KOHA)
Koha item type BOOK
Holdings
Withdrawn status Lost status Damaged status Not for loan Collection Home library Current library Date acquired Total Checkouts Full call number Barcode Date last seen Price effective from Koha item type
        CRC Fr. Agnel's C.Rodrigues College of Engineering Fr. Agnel's C.Rodrigues College of Engineering 17/03/2023   629.83 AND 14492 17/03/2023 17/03/2023 BOOK